Celebrity ALS Ice Bucket Challenge Quiz Stats

 Plays Quiz Updated Aug 20, 2014

Support Sporcle.
Go Orange.
Score 0/22 Timer 06:00
0 Plays Today
% Correct
Justin Bieber
93.3%
Oprah Winfrey
92.4%
Dwayne 'The Rock' Johnson
87.3%
Jimmy Fallon, Rob Riggle, Horatio Sanz, Steve Higgins & The Roots
83.9%
Robert Downey Jr.
81.6%
Tiger Woods & Rory McIlroy
80.8%
Lady Gaga
78.8%
Steven Spielberg
78.4%
Conan O'Brien
77.2%
Bill Gates
75.2%
LeBron James
74.9%
% Correct
Martha Stewart
74.3%
Drake
70%
Mark Zuckerberg
69.7%
'Weird' Al Yankovic
67.5%
Adam Levine
66.1%
James Franco
63.3%
Jim Parsons
59.4%
George Takei
56.1%
Chris Pratt
54.6%
Kerry Washington
41.8%
Dave Grohl
34.2%

You're not logged in!

Compare scores with friends on all Sporcle quizzes.
OR
Log In

From the Vault

Flags by Number of Stars

by naqwerty3

A shining example of vexillology.
Remove Ads.
Support Sporcle.
Get the best of Sporcle when you Go Orange. This ad-free experience offers more features, more stats, and more fun while also helping to support Sporcle. Thank you for becoming a member.

Show Comments

Extras

Top Quizzes Today


Score Distribution

Your Account Isn't Verified!

In order to create a playlist on Sporcle, you need to verify the email address you used during registration. Go to your Sporcle Settings to finish the process.

Report this User

Report this user for behavior that violates our Community Guidelines.

Details: